000 01307cam a22002174a 4500
005 20250605164329.0
008 250528s ||||||||||||||||||||||||d
035 _a23162
020 _a9781843923640
040 _aGR-AtMCL
_bgre
_dGR-AtMCL
_eAACR2
245 1 _aCriminal Psychology
250 _a1st
260 _bRoutledge - Taylor & Francis Group,
_c2009
300 _a182
520 _aThis book aims to provide an accessible introduction to the subject for the students coming to it for the first time. Acknowledgements, Crime: The Phenomenon, Approach in Criminal Psychology, What is Crime? Definitions and Understandings and Labels, Counting Crime Versus Understanding Crime, Understanding Fear of Crime, The Causes of Crime, Biological and Genetic Explanations, Personality Factor, Cognitive Distortions, The Causes of Aggression and Violence, Defining Aggression, Solving Crime, The Nature of Police Work, Criminal Investigation, Detection of Deception, Offender Profiling, Courtroom Psychology, Jury Decision Making, False or Recovered Memories, Miscarriages of Justice, Sentencing and Punishment, Sentencing as a Human Process, Community Orders, References, Index.
700 1 _aPakes Francis
_98740
700 1 _aPakes Suzanne
_98741
942 _cBK
999 _c8192
_d8192